000 00307nam a22001217a 4500
008 140123b xxu||||| |||| 00| 0 eng d
050 _aPR4167.V5
100 _aBronte, Charlotte
_97008
245 _aVillette
260 _aLondon
_bThomas Nelson
_cno date
300 _a570p.
_c16cm
942 _2lcc
_cMONOGRAPH
999 _c119676
_d119676